000 00568nam a22002297a 4500
003 UA-OsUOA
001 48205
007 ta
008 20070830b un ||||| |||| 00| 0 ukr d
100 _aКапелюшний Л.
090 _a821,161,2
_bК20
942 _cBK
040 _aUA-OsUOA
_bukr
_cUA-OsUOA
_dUA-OsUOA
245 _aПригірщ вітру
300 _a400 с.
955 _a2
041 _aukr
080 _a821,161,2
260 _aК.
_c2004
650 7 _a82 Література. Літературознавство
_2UDC
999 _c334332
_d334332